000
00305nam a22001217a 4500
082
_a
894.812.3
_b
PAL/O
100
_a
PALLIPPURAL , C P
245
_a
OONJALO CHAKKIYAMMA
_b
NADAN PATTUKAL
260
_a
THRISSUR
_b
H&C PUBLISHING HOUSE
300
_a
64
650
_a
MALAYALAM NADAN PATUKAL
_z
KERALA
942
_c
BK
999
_c
1257
_d
1257